Cliquez sur le pays ou la mer par département voisin - Statistiques

Statistiques générales
  • Ce quiz a été pris 2 305 fois
  • Le résultat moyen est 9 sur 12
Statistiques - réponses
Hint Réponse % Correct
Calvados La Manche
91%
Guadeloupe Mer des Caraïbes
86%
Hérault Mer Méditerranée
85%
Bas-Rhin Allemagne
84%
Guyane Brésil
79%
Gironde Golfe de Gascogne
79%
Ardennes Belgique
78%
Haute-Garonne Espagne
77%
La Réunion Océan Indien
77%
Mayotte Canal du Mozambique
76%
Jura Suisse
73%
Savoie Italie
51%
Aucun quiz correspondant
Distribution des résultats
% des personnes avec chaque résultat
Percentile par nombre de réponses
Votre historique - résultats
Vous n’avez pas pris ce quiz